Anwendungsbeispiele der Verfahren und der Gestaltung

Enregistré dans:
Détails bibliographiques
Format: Livre
Langue:allemand
Publié: Berlin : Verlag Technik, 1991
Édition:7.stark bearb.Aufl.
Sujets:
Tags: Ajouter un tag
Pas de tags, Soyez le premier à ajouter un tag!

MARC

LEADER 00000nam a22000003a 4500
001 stu44417
005 20150408180413.1
008 950329s1991----gw------------------ger-d
020 |a 3-341-00258-8 
040 |a STU  |b slo 
041 0 |a ger 
044 |a gw 
080 |a 621.791 
245 |a Anwendungsbeispiele der Verfahren und der Gestaltung 
250 |a 7.stark bearb.Aufl. 
260 |a Berlin :  |b Verlag Technik,  |c 1991 
300 |a 187 s 
650 7 |a zváranie  |2 stusub 
996 |b 284M025662  |c M*9033-1  |l MMKN  |s A  |a 24  |w stu44417_0001